00942 2200313 4500001002100000005001500021035002000036007000300056008004100059020002200100082001500122084001700137100002900154245009300183250003500276300002900311650001700340700003400357504003200391264003100423336002100454337003000475338002300505040002200528090002200550850001200572999002200584990002200606INLIS00000000089445920250319125315 a0010-0325000540ta250319s2023 yoi g ind d a978-623-6299-85-204223a297.74 a297.74 NAW d0 aNawari IsmailePengarang10aDakwah Islam dan kelompok Islam sempalan /cNawari Ismail; penyunting, Yusnida Nur Aziza aCetakan Pertama, Februari 2023 axiv, 72 halaman ;c23 cm 4aDakwah Islam0 aYusnida Nur AzizaePenyunting aBibliografi : halaman 71-7231aBantul :bUMY Press,c2023 2rdacontentateks 2rdamediaatanpa perantara 2rdacarrieravolume aYOPDYOGbinderda aCB-D.11 2023-6076 aYOPDYOG aCB-D.11/2023-6076 aCB-D.11/2023-6076